[Event "ch-TUR 2013"]
[Site "Antalya TUR"]
[Date "2013.02.06"]
[Round "7.23"]
[White "Kanmazalp,O"]
[Black "Oney,Ri"]
[Result "1-0"]
[WhiteElo "2389"]
[BlackElo "1879"]

1.e4 c5 2.Nf3 Nc6 3.Nc3 e5 4.Bc4 Be7 5.d3 Nf6 6.Nd2 a6 7.a3 d6 8.Nf1 Nd4
9.Nd5 b5 10.Nxf6+ Bxf6 11.Bd5 Rb8 12.Ne3 Bd7 13.h4 h5 14.c3 Ne6 15.Nf5 Qb6
16.Qf3 a5 17.Bg5 Nf4 18.Bxf4 Bxf5 19.exf5 exf4 20.Qxf4 O-O 21.O-O b4 22.axb4 axb4
23.Bc4 bxc3 24.bxc3 Qd8 25.Ra6 Be5 26.Qg5 Bf6 27.Qxh5 d5 28.Ba2 Bxc3 29.f6 Bxf6
30.Bxd5 Rb6 31.Ra7 Bd4 32.Bxf7+ Rxf7 33.Qxf7+ Kh8 34.Re7 Kh7 35.Qf5+  1-0

[Event "ch-TUR 2013"]
[Site "Antalya TUR"]
[Date "2013.02.07"]
[Round "8.122"]
[White "Degirmenci,Yagiz"]
[Black "Sarac,Osman"]
[Result "1/2-1/2"]
[WhiteElo "1722"]
[BlackElo "1366"]

1.e4 c5 2.Nf3 Nc6 3.Nc3 d6 4.d4 cxd4 5.Nxd4 e5 6.Nxc6 bxc6 7.Bc4 Nf6 8.O-O Be7
9.Kh1 O-O 10.f3 Bb7 11.Bd3 d5 12.exd5 cxd5 13.Bg5 a6 14.Qe1 h6 15.Bh4 Nd7
16.Bxe7 Qxe7  1/2-1/2

[Event "ch-TUR 2013"]
[Site "Antalya TUR"]
[Date "2013.02.07"]
[Round "8.13"]
[White "Soysal,Serkan"]
[Black "Kinsiz,O"]
[Result "0-1"]
[WhiteElo "2025"]
[BlackElo "2196"]

1.e4 c5 2.Nf3 Nc6 3.Nc3 e5 4.Bc4 Be7 5.d3 Nf6 6.Nd2 d6 7.Nf1 a6 8.a4 Be6
9.Ne3 Rb8 10.Nf1 Ra8 11.Ne3 Rb8 12.O-O O-O 13.Ned5 Nd4 14.Nxe7+ Qxe7 15.Bg5 h6
16.Bxf6 Qxf6 17.Nd5 Qd8 18.Ne3 Nc6 19.c3 Qd7 20.f4 exf4 21.Rxf4 Ne7 22.Qh5 Bxc4
23.dxc4 Rbe8 24.Rg4 Ng6 25.Nf5 Re5 26.b3 Rfe8 27.Rd1 Rxe4 28.Rxd6 Re1+ 29.Kf2 R8e2+
30.Kf3 Qe8 31.Rdxg6 Rf1+ 32.Kg3 Qe5+ 33.Kh3 fxg6 34.Nxh6+ Kf8 35.Qxe5 Rxe5
36.Rxg6 gxh6 37.Rxh6 Re3+ 38.g3 Rxc3 39.Rb6 Rf7 40.b4 Rxc4 41.bxc5 Rxc5  0-1

[Event "ch-TUR 2013"]
[Site "Antalya TUR"]
[Date "2013.02.07"]
[Round "9.17"]
[White "Metin,M"]
[Black "Usun,T"]
[Result "1/2-1/2"]
[WhiteElo "2239"]
[BlackElo "1917"]

1.e4 c5 2.Nc3 Nc6 3.Nf3 Nf6 4.d4 cxd4 5.Nxd4 e5 6.Ndb5 d6 7.Nd5 Nxd5 8.exd5 Nb8
9.c4 Be7 10.Bd3 a6 11.Nc3 O-O 12.O-O f5 13.f3 Nd7 14.Be3 Bg5 15.Qd2 Bxe3+
16.Qxe3 Qf6 17.Rac1 e4 18.Be2 exf3 19.Bxf3 Ne5 20.Be2 f4 21.Qd2 Bd7 22.c5 dxc5
23.Ne4 Qh4 24.Nxc5 Rf6 25.Nxd7 Nxd7 26.Rc4 Raf8 27.g3 Rg6 28.Rfxf4 Rxf4 29.Qxf4 Qxf4
30.Rxf4 Rd6 31.Rd4 Kf7 32.Kf2 Kf6 33.Ke3 Ke5 34.Bf3 Nf6 35.Rc4 Rd7 36.Rc5 Nxd5+
37.Bxd5 Rxd5 38.Rc7 Rb5 39.b3 Kf6 40.Kd4 h5 41.Kc4 g6 42.b4 Kg5 43.Rc5+ Kg4
44.Rxb5 axb5+ 45.Kxb5 Kh3 46.Kb6 Kxh2 47.Kxb7 Kxg3 48.b5 h4 49.b6 h3 50.Ka7 h2
51.b7 h1=Q 52.b8=Q+ Kg4 53.Qc8+ Kf4 54.Qc7+ Kf5 55.Qc5+ Ke6 56.a4 Qh5 57.Qc6+ Ke7
58.Kb7 Qa5 59.Qe4+ Kf6 60.Qf4+ Ke7 61.Qe4+ Kf6 62.Qc6+ Ke7 63.Qe4+ Kf6 64.Qd4+ Kf7
65.Qf2+ Ke7 66.Qe3+ Kd7 67.Qh3+ Ke7 68.Qh7+ Kf6 69.Qh8+ Kf7 70.Qh7+ Kf6 71.Qh8+ Kf7
72.Qd4 Ke6 73.Qe4+ Kd7 74.Qxg6 Qxa4 75.Qf7+ Kd6 76.Qf6+ Kd7 77.Qf7+ Kd6 78.Qc7+ Ke6
79.Qc6+  1/2-1/2

[Event "Moscow Open A 2013"]
[Site "Moscow RUS"]
[Date "2013.02.07"]
[Round "6.9"]
[White "Guseinov,G"]
[Black "Meribanov,V"]
[Result "1-0"]
[WhiteElo "2623"]
[BlackElo "2426"]

1.e4 c5 2.Nf3 Nc6 3.Nc3 g6 4.d4 cxd4 5.Nxd4 Bg7 6.Be3 Nf6 7.Bc4 Qa5 8.O-O O-O
9.Bb3 d6 10.h3 Bd7 11.Re1 Rac8 12.Nf3 Qh5 13.Nd5 b6 14.Bg5 Nxd5 15.exd5 Nd4
16.Bxe7 Nxf3+ 17.Qxf3 Qxf3 18.gxf3 Bxb2 19.Rad1 a5 20.a4 Bxh3 21.Bxd6 Rfd8
22.Bf4 Ba3 23.Be3 Rd6 24.Bd4 Bc5 25.Bb2 Kf8 26.Re2 Bb4 27.Be5 Rd7 28.Bd4 Bc5
29.Bf6 Be7 30.Bb2 Bb4 31.Bc1 Kg7 32.Bf4 Bd6 33.Bd2 Bf5 34.c4 f6 35.Be3 Bc5
36.Bxc5 bxc5 37.Bc2 Bxc2 38.Rxc2 Rb8 39.Re1 Rb4 40.Re6 Rc7 41.Kg2 Kf7 42.Ra6 Rxa4
43.Rc6 Ra7 44.Rxc5 Rb4 45.Rc8 a4 46.c5 a3 47.d6 a2 48.Rc7+ Rxc7 49.dxc7 a1=Q
50.c8=Q Qe5 51.Qd7+ Kg8 52.Qd2 Rd4 53.Qh6 Rd5 54.c6 Rc5 55.Qd2 Rxc2 56.Qxc2 Qg5+
57.Kf1 Qb5+ 58.Ke1 Qa5+ 59.Kd1 Qa1+ 60.Qc1 Qd4+ 61.Ke2 Qe5+ 62.Kf1 Qc7 63.Qc4+ Kf8
64.Qe6 f5 65.Qf6+ Kg8 66.Kg2 f4 67.Kg1 Qc8 68.Kh2 Qc7 69.Kg2 Qc8 70.Qd6 Kf7
71.Qxf4+ Ke7 72.Qb4+ Kd8 73.Qd6+ Ke8 74.Qf6 Qf5 75.Qh8+ Ke7 76.Qxh7+ Kd6
77.Qd7+ Qxd7 78.cxd7 Kxd7 79.Kg3 Ke6 80.Kg4 Kd5 81.Kg5 Ke5 82.f4+ Ke4 83.f5 gxf5
84.f4  1-0

[Event "ch-TUR 2013"]
[Site "Antalya TUR"]
[Date "2013.02.08"]
[Round "10.87"]
[White "Gok,Ozan Berkay"]
[Black "Celik,Berkay"]
[Result "0-1"]
[WhiteElo "1761"]
[BlackElo "1590"]

1.e4 c5 2.Nf3 Nc6 3.Nc3 d6 4.Bc4 Nf6 5.d4 cxd4 6.Nxd4 e6 7.Be3 a6 8.a3 Qc7
9.Ba2 b5 10.O-O Be7 11.f4 O-O 12.Qf3 Nxd4 13.Bxd4 e5 14.Be3 Bb7 15.f5 h6
16.Rae1 a5 17.Bb3 b4 18.axb4 axb4 19.Nd5 Nxd5 20.exd5 Ba6 21.Rf2 Kh7 22.Qe4 Bf6
23.Qxb4 Rfb8 24.Qg4 Qa5 25.Rd1 Bb5 26.Qh5 Qc7 27.g4 Qd8 28.Rg2 Kh8 29.Qh3 e4
30.c4 Ba4 31.Bxa4 Rxa4 32.Rc1 Bxb2 33.Rb1 Bf6 34.Rc1 Rb3 35.Re2 Bd4 36.Rce1 Rxc4  0-1

[Event "73rd Noteboom Mem"]
[Site "Leiden NED"]
[Date "2013.02.08"]
[Round "1.6"]
[White "Manoch,Maurice"]
[Black "Ikonnikov,Vy"]
[Result "0-1"]
[WhiteElo "2000"]
[BlackElo "2537"]

1.e4 c5 2.Nc3 Nc6 3.Bb5 Nd4 4.Bc4 e6 5.Nge2 a6 6.Nxd4 cxd4 7.Ne2 Nf6 8.d3 Bc5
9.O-O O-O 10.Bg5 h6 11.Bh4 b5 12.Bb3 Bb7 13.f4 Qc7 14.Bxf6 gxf6 15.Ng3 Kh7
16.Kh1 Rg8 17.f5 Raf8 18.Qf3 Qe5 19.Rac1 Rg5 20.c3 b4 21.cxb4 Bxb4 22.Ba4 Bd6
23.Bxd7 Rxf5 24.Qe2 Rg5 25.Rf3 f5 26.Rcf1 Qg7 27.R1f2 Bxg3 28.Rxg3 Rxg3 29.hxg3 fxe4
30.dxe4 Qe5 31.Qd2 Bxe4 32.Qb4 Kg8 33.Rf4 f5 34.Qe7 Bd5 35.Qh4 Qe2 36.Qh3 d3
37.Rd4 d2 38.Rxd5 exd5 39.Qxh6 d1=Q+ 40.Kh2 Qh5+  0-1

[Event "Moscow Open A 2013"]
[Site "Moscow RUS"]
[Date "2013.02.08"]
[Round "7.12"]
[White "Kovalev,Vl"]
[Black "Danin,A"]
[Result "1-0"]
[WhiteElo "2500"]
[BlackElo "2578"]

1.e4 c5 2.Nf3 Nc6 3.Nc3 g6 4.d4 cxd4 5.Nxd4 Bg7 6.Be3 Nf6 7.Bc4 Qa5 8.O-O O-O
9.Bb3 d6 10.h3 Bd7 11.Re1 Rfc8 12.Qd2 Ne5 13.Qe2 Qa6 14.Qxa6 bxa6 15.Rad1 Nc4
16.Bc1 Rab8 17.Nf3 Be6 18.Nd4 Bd7 19.f4 Ne8 20.Nd5 Kf8 21.e5 e6 22.Ne3 Na5
23.exd6 Rb6 24.Nf3 Rxd6 25.Ne5 Nxb3 26.axb3 Bc6 27.Bd2 Kg8 28.N3c4 Rd5 29.Nxc6 Rxc6
30.Be3 Nd6 31.Rxd5 exd5 32.Nxd6 Rxd6 33.Bc5 Rd8 34.c3 d4 35.Rd1 Rb8 36.cxd4 Rxb3
37.d5 Rb7 38.d6 Rd7 39.Kf2 Bxb2 40.Ke3 f5 41.Kd3 Kf7 42.Kc4 Bf6 43.Kd5 Rb7
44.Rd2 a5 45.Kc6 Rb2 46.Rxb2 Bxb2 47.Bxa7 a4 48.d7 Bf6 49.Kc7 a3 50.Bd4 Be7
51.d8=Q Bxd8+ 52.Kxd8 Ke6 53.h4 a2 54.Ke8 Kd5 55.Be5 Ke4 56.Kf7 a1=Q 57.Bxa1 Kxf4
58.Bf6 Kg4 59.Kg7 f4 60.Kxh7 Kh5 61.Kg7 g5 62.Bxg5  1-0

[Event "ch-TUR 2013"]
[Site "Antalya TUR"]
[Date "2013.02.09"]
[Round "11.36"]
[White "Temishov,Nurbek"]
[Black "Ozmen,H"]
[Result "0-1"]
[WhiteElo "1844"]
[BlackElo "2016"]

1.e4 c5 2.Nf3 Nc6 3.Nc3 e5 4.Bc4 Be7 5.d3 Nf6 6.a3 d6 7.Bg5 O-O 8.Bxf6 Bxf6
9.Nd5 Be6 10.c3 a6 11.O-O g6 12.Nd2 Bg7 13.f4 b5 14.Ba2 exf4 15.Nxf4 Bxa2
16.Rxa2 b4 17.axb4 cxb4 18.Nd5 bxc3 19.bxc3 Ne7 20.Nxe7+ Qxe7 21.d4 Rfc8
22.Qf3 Ra7 23.Qd3 a5 24.Rfa1 Qc7 25.c4 Rb8 26.Ra4 Rb4 27.Rxb4 axb4 28.Rxa7 Qxa7
29.Nb3 h5 30.Kf1 Qa3 31.Qc2 Bxd4 32.Ke2  0-1

[Event "ch-TUR 2013"]
[Site "Antalya TUR"]
[Date "2013.02.09"]
[Round "11.44"]
[White "Giris,Ruchan"]
[Black "Usun,T"]
[Result "1/2-1/2"]
[WhiteElo "1742"]
[BlackElo "1917"]

1.e4 c5 2.Nf3 Nc6 3.Nc3 Nf6 4.Bb5 Qc7 5.O-O Nd4 6.Re1 e5 7.Bc4 Be7 8.a4 O-O
9.Nd5 Nxd5 10.Bxd5 d6 11.c3 Nxf3+ 12.Qxf3 c4 13.d3 cxd3 14.Qxd3 Qd8 15.Be3 Bg5
16.Rad1 a5 17.Bc4 Bxe3 18.Rxe3 Qc7 19.Bb5 Rd8 20.Qd2 Bg4 21.f3 Be6 22.c4 Kf8
23.b3 h6 24.Kh1 Ke7 25.Rd3 Qc5 26.Qe3 Qxe3 27.Rxe3 Rac8 28.Kg1 g6 29.Red3 Rc5
30.Kf2 f5 31.Ke3 f4+ 32.Ke2 g5 33.h3 h5 34.R3d2 Rcc8 35.Kf1 g4 36.hxg4 hxg4
37.Kf2 g3+ 38.Ke2 Ra8 39.Kd3 Rh8 40.Kc3 Rad8 41.Kb2 b6 42.Ka3 Rh2 43.b4 Rhh8
44.Kb2 axb4 45.Kb3 Rc8 46.Kxb4 Rhd8 47.Kc3 Rc7 48.Kb3 Rcc8 49.Kb4 Rc7 50.Rh1 Rcc8
51.Rh7+ Bf7 52.Rh1 Rc7 53.Ra1 Rdc8 54.Rc1  1/2-1/2

[Event "TCh-CZE Div1 Zapad 2012-13"]
[Site "Czech Republic CZE"]
[Date "2013.02.10"]
[Round "7.2"]
[White "Hinks Edwards,T"]
[Black "Priehoda,V"]
[Result "1/2-1/2"]
[WhiteElo "2414"]
[BlackElo "2414"]

1.e4 c5 2.Nc3 Nc6 3.Bb5 Nd4 4.Bc4 d6 5.Nge2 Nf6 6.d3 a6 7.Nxd4 cxd4 8.Ne2 e5
9.O-O Be7 10.f4 O-O 11.Qe1 Be6 12.Bxe6 fxe6 13.Qg3 Qc7 14.c3 dxc3 15.bxc3 Rf7
16.Qh3 Qd7 17.Be3 Re8 18.Kh1 Bd8 19.a4 Ref8 20.Kg1 Re8 21.c4 Qc6 22.Kh1 Qd7
23.f5 exf5 24.Qxf5 Qxf5 25.Rxf5 Ba5 26.Rb1 Ref8 27.h3 Ne8 28.Rxf7 Rxf7 29.Kg1 g6
30.Rf1  1/2-1/2

[Event "TCh-CZE Div1 Zapad 2012-13"]
[Site "Czech Republic CZE"]
[Date "2013.02.10"]
[Round "7.4"]
[White "Cuhra,M"]
[Black "Jarabek,V"]
[Result "1/2-1/2"]
[WhiteElo "2236"]
[BlackElo "2216"]

1.e4 c5 2.Nf3 Nc6 3.Nc3 e5 4.Bc4 Be7 5.d3 Nf6 6.h3 O-O 7.g4 d6 8.g5 Ne8 9.Nd5 Nc7
10.Nxc7 Qxc7 11.Nh4 g6 12.Ng2 b5 13.Bd5 Be6 14.h4 Qd7 15.Ne3 Rad8 16.c3 Rde8
17.Qf3 Bd8 18.Qg2 Ne7 19.c4 bxc4 20.dxc4 Nc6 21.Bxc6 Qxc6 22.Bd2 Qb7 23.Bc3 Qa6
24.b3 Ba5 25.Bxa5 Qxa5+ 26.Ke2 Qa3 27.h5 Re7 28.Nc2 Qa6 29.Ne3 Qa3 30.Nc2 Qa6
31.Ne3 Qa3  1/2-1/2

[Event "73rd Noteboom Mem"]
[Site "Leiden NED"]
[Date "2013.02.10"]
[Round "5.12"]
[White "Von Meijenfeldt,Bart"]
[Black "Faydi,J"]
[Result "1-0"]
[WhiteElo "2150"]
[BlackElo "2138"]

1.e4 c5 2.Nc3 Nc6 3.Bb5 Nd4 4.Bc4 g6 5.Nf3 Bg7 6.Nxd4 cxd4 7.Qf3 e6 8.Nb5 d6
9.Qa3 Ke7 10.c3 Qb6 11.O-O Qc5 12.Qb3 a6 13.Nxd4 Bxd4 14.cxd4 Qxd4 15.Qc2 b5
16.Bb3 Qc5 17.Qd1 Qd4 18.d3 Bb7 19.Qe2 Kd7 20.Be3 Qb4 21.Bd2 Qc5 22.Qf3  1-0

[Event "Aeroflot Open Rapid KO"]
[Site "Moscow RUS"]
[Date "2013.02.15"]
[Round "1.1"]
[White "Efimenko,Z"]
[Black "Vorobiov,E"]
[Result "0-1"]
[WhiteElo "2696"]
[BlackElo "2584"]

1.Nf3 c5 2.e4 Nc6 3.Nc3 g6 4.d4 cxd4 5.Nxd4 Bg7 6.Be3 Nf6 7.Bc4 d6 8.f3 O-O
9.Bb3 Bd7 10.Qd2 Nxd4 11.Bxd4 b5 12.a4 bxa4 13.Bxa4 Bxa4 14.Rxa4 Qb8 15.O-O Rc8
16.Rb1 Qb7 17.Kh1 a6 18.h3 Rc6 19.Nd5 Nxd5 20.exd5 Rc7 21.Bxg7 Kxg7 22.Rh4 h5
23.c3 Rac8 24.Re1 Rc4 25.Rhe4 Rxe4 26.Rxe4 a5 27.f4 Qd7 28.c4 Qf5 29.Qe2 Rb8
30.Rxe7 Qxf4 31.Rd7 Rb3 32.Kg1 a4 33.c5 a3 34.Qc2 Qe3+ 35.Kh2 axb2  0-1

[Event "TCh-FRA w TOP 12 2013"]
[Site "Archamps FRA"]
[Date "2013.02.16"]
[Round "2.6"]
[White "Madl,I"]
[Black "Penalver,M"]
[Result "1-0"]
[WhiteElo "2321"]
[BlackElo "1851"]

1.e4 c5 2.Nf3 Nc6 3.Nc3 a6 4.d4 cxd4 5.Nxd4 e5 6.Nf3 Bb4 7.Bd2 Nf6 8.Bc4 b5
9.Bd5 Qc7 10.O-O O-O 11.Nxb5 axb5 12.Bxb4 Re8 13.Bd6 Qb6 14.Ng5 Nd4 15.Bxf7+ Kh8
16.Bxe8 Nxe8 17.Bxe5 Qg6 18.Qxd4 Qxg5 19.Qd5  1-0

[Event "ch-ROU 2013"]
[Site "Baile Olanesti ROU"]
[Date "2013.02.16"]
[Round "1.29"]
[White "Horvat,Dan"]
[Black "Covaci,S"]
[Result "1-0"]
[WhiteElo "2229"]
[BlackElo "1845"]

1.e4 c5 2.Nf3 Nc6 3.Nc3 g6 4.d4 cxd4 5.Nxd4 Nf6 6.Be3 Bg7 7.Bc4 O-O 8.Bb3 Ng4
9.Nxc6 dxc6 10.Bc5 Qc7 11.f3 b6 12.Bg1 Rd8 13.Qe2 Nf6 14.Be3 a5 15.a4 Ba6
16.Bc4 Bxc4 17.Qxc4 Ne8 18.O-O Nd6 19.Qe2 e6 20.Kh1 Rd7 21.Bf4 e5 22.Be3 Rad8
23.b3 Qb7 24.h4 f5 25.Rad1 Bf6 26.Bf2 Nc8 27.Rxd7 Rxd7 28.exf5 gxf5 29.Qc4+ Kg7
30.Ne2 Rd5 31.Ng3 Nd6 32.Nxf5+ Nxf5 33.Qg4+ Kh8 34.Qxf5 Qe7 35.h5 c5 36.Be3 Qf7
37.Kg1 e4 38.Qxe4 Rxh5 39.Rd1 Re5 40.Rd8+ Kg7 41.Qg4+ Qg6 42.Rd7+ Re7 43.Qe6 Qf7
44.Bh6+ Kg6 45.Rxe7 Qxe7 46.Qxe7 Bxe7 47.Bf4 Bd8 48.g4 h5 49.gxh5+ Kxh5 50.Kf2 Kg6
51.Ke3 Kf5 52.Bg3 Bg5+ 53.Kd3 Bd8 54.Kc4 Ke6 55.Bh2  1-0

[Event "17th Lienz Open 2013"]
[Site "Lienz AUT"]
[Date "2013.02.16"]
[Round "9.13"]
[White "Higatsberger,M"]
[Black "Giese,Tilman"]
[Result "0-1"]
[WhiteElo "2173"]
[BlackElo "2046"]

1.e4 c5 2.Nc3 Nc6 3.Bb5 d6 4.Bxc6+ bxc6 5.d3 g6 6.f4 Bg7 7.Nf3 Nf6 8.O-O O-O
9.Qe1 Rb8 10.Rb1 Qb6 11.Kh1 Qc7 12.Bd2 Nd7 13.Qh4 Bf6 14.Ng5 h5 15.e5 dxe5
16.f5 Nb6 17.Nce4 Kg7 18.Rf3 Nd5 19.Rbf1 Rxb2 20.c4 Nf4 21.Rxf4 Rxd2 22.Nxf6 exf6
23.Ne4 g5 24.Nxg5 exf4 25.Ne4 Qe5 26.Nxd2 Bxf5 27.Rxf4 Bxd3 28.h3 Re8 29.Qg3+ Bg6
30.Nf3 Qc3 31.Kh2 Qc2 32.Qh4 Re6 33.a4 Qxa4 34.Qf2 Qa3 35.Nh4 Qe3 36.Qf1 Qe2
37.Qc1 Qe5 38.Nf3 Qe3 39.Qxe3 Rxe3 40.Kg1 Re4  0-1

[Event "TCh-NED Meesterklasse 2012-13"]
[Site "Netherland NED"]
[Date "2013.02.16"]
[Round "6.7"]
[White "Paulet,I"]
[Black "Kabatianski,A"]
[Result "0-1"]
[WhiteElo "2234"]
[BlackElo "2404"]

1.e4 c5 2.Nc3 Nc6 3.Bb5 Nd4 4.Bc4 e6 5.Nf3 Nf6 6.e5 d5 7.Nxd4 cxd4 8.Bb5+ Nd7
9.Ne2 Qb6 10.a4 Bc5 11.O-O O-O 12.Bxd7 Bxd7 13.c3 a5 14.cxd4 Bxd4 15.Nxd4 Qxd4
16.Ra3 f6 17.Rh3 fxe5 18.d3 Rf5 19.b3 Raf8 20.Be3 Qb4 21.Rg3 h5 22.Bd2 Qb6
23.Be3 Qd6 24.Bg5 Be8 25.h4 Kh7 26.Qe2 Bg6 27.Kh2 Qb6 28.Qb2 Qb4 29.Re3 Qd6
30.Rg3 e4 31.dxe4 Rxg5  0-1

[Event "Iceland-China Friendly Match"]
[Site "Reykjavik ISL"]
[Date "2013.02.16"]
[Round "1.6"]
[White "Wang,Yiye"]
[Black "Olafsson,H1"]
[Result "1-0"]
[WhiteElo "2226"]
[BlackElo "2547"]

1.e4 c5 2.Nf3 Nc6 3.Nc3 e6 4.Bb5 Nge7 5.O-O a6 6.Bxc6 Nxc6 7.d4 cxd4 8.Nxd4 d6
9.Re1 Be7 10.Nxc6 bxc6 11.Qg4 Bf6 12.e5 dxe5 13.Ne4 O-O 14.Rd1 Qe7 15.Be3 Qd8
16.Ng3  1-0

[Event "Iceland-China Friendly Match"]
[Site "Reykjavik ISL"]
[Date "2013.02.16"]
[Round "5.6"]
[White "Wang,Yiye"]
[Black "Ptacnikova,L"]
[Result "1-0"]
[WhiteElo "2226"]
[BlackElo "2269"]

1.e4 c5 2.Nf3 Nc6 3.Nc3 e6 4.Bb5 Nd4 5.Bc4 Nf6 6.O-O d6 7.d3 Be7 8.Nxd4 cxd4
9.Ne2 e5 10.c3 dxc3 11.Nxc3 O-O 12.Bg5 Nd7 13.Bxe7 Qxe7 14.Nd5 Qd8 15.Rc1 Nc5
16.f4 Be6 17.Kh1 exf4 18.Nxf4 Bxc4 19.Rxc4 Rc8 20.Nd5 Kh8 21.Rc2 Ne6 22.Rcf2 f6
23.Qg4 Ng5 24.Nf4 Kg8 25.h4 Nf7 26.Ne6  1-0

[Event "ch-ROU 2013"]
[Site "Baile Olanesti ROU"]
[Date "2013.02.17"]
[Round "2.27"]
[White "Albescu,N"]
[Black "Turcu,I"]
[Result "0-1"]
[WhiteElo "1828"]
[BlackElo "2225"]

1.e4 c5 2.Ne2 Nc6 3.Nbc3 g6 4.g3 Bg7 5.Bg2 e6 6.O-O Nge7 7.d3 h5 8.Be3 Nd4
9.Qd2 h4 10.h3 a6 11.Bg5 f6 12.Be3 f5 13.Bg5 hxg3 14.fxg3 Rb8 15.Nf4 Kf7
16.exf5 gxf5 17.Ne4 Be5 18.c3 Ndc6 19.Nxc5 Bxf4 20.Rxf4 Qb6 21.d4 e5 22.Rh4 Rxh4
23.Bxh4 d6 24.Bxe7 Nxe7 25.Qh6 Qxb2 26.Qh5+ Kg7 27.Qg5+ Ng6 28.Nb3 Be6 29.d5 Bf7
30.Qxf5 Qxc3 31.Rf1 Rf8 32.Qg4 Qe3+ 33.Kh1 Qd3 34.Rf2 Qe3 35.Re2 Qb6 36.Be4 Be8
37.Kh2 a5 38.Bf5 a4 39.Nd2 Qb5 40.Bxg6 Bxg6 41.Qc4 Qxc4 42.Nxc4 Bd3 43.Rb2 Bxc4
44.Rxb7+ Rf7  0-1

[Event "Reykjavik Open 2013"]
[Site "Reykjavik ISL"]
[Date "2013.02.20"]
[Round "2.71"]
[White "Kristinardottir,E"]
[Black "Gunnarsson,Sigurdur Jon"]
[Result "0-1"]
[WhiteElo "1747"]
[BlackElo "2000"]

1.e4 c5 2.Nf3 Nc6 3.Nc3 g6 4.d4 cxd4 5.Nxd4 Bg7 6.Be3 Nf6 7.f3 O-O 8.Qd2 d5
9.Nxc6 bxc6 10.O-O-O Be6 11.exd5 Nxd5 12.Nxd5 cxd5 13.Bh6 Bxh6 14.Qxh6 Qa5
15.a3 Rfc8 16.Bd3 Rab8 17.h4 Qb6 18.b4 Qd4 19.h5 Qa1+ 20.Kd2 Qxa3 21.hxg6 Qc3+
22.Ke2 hxg6 23.Bxg6 Qe5+ 24.Kf2 fxg6 25.Qxg6+ Kf8 26.Rhe1 Bf5 27.Qh6+ Qg7
28.Qxg7+ Kxg7 29.Rxe7+ Kf6 30.Rxa7 Rxc2+ 31.Ke3 Be6 32.g4 Rxb4 33.Rh1 Rb3+
34.Kf4 Rc4+ 35.Kg3 Rxg4+ 36.Kf2 Rf4 37.Rh6+ Ke5 38.Rh5+ Bf5 39.Re7+ Kd4 40.Ra7 Rfxf3+
41.Ke2 Rbe3+ 42.Kd1 Rf1+ 43.Kd2 Rf2+  0-1

[Event "ch-ROU 2013"]
[Site "Baile Olanesti ROU"]
[Date "2013.02.21"]
[Round "7.23"]
[White "Horvat,Dan"]
[Black "Malureanu,C"]
[Result "1-0"]
[WhiteElo "2229"]
[BlackElo "2098"]

1.e4 c5 2.Nf3 Nc6 3.Nc3 g6 4.Bc4 Bg7 5.O-O d6 6.h3 Nf6 7.Re1 O-O 8.a3 a6
9.d3 e6 10.Ba2 b5 11.Rb1 Bb7 12.Ne2 d5 13.exd5 Nxd5 14.c4 Nb6 15.Be3 Qd6
16.b4 Nd7 17.bxc5 Nxc5 18.cxb5 Ne7 19.Ng3 Nxd3 20.Bc4 Rfd8 21.Bxd3 Qxd3 22.Qxd3 Rxd3
23.Bc5 Nd5 24.b6 Rc8 25.Ne4 Nc3 26.Nd6 Rxd6 27.Bxd6 Nxb1 28.Rxb1 Rc6 29.Bc7 Rc3
30.Rd1 Bf6 31.Ne5 Bc8 32.Ng4 Be7 33.Be5 Rc6 34.b7 Bxb7 35.Rd7  1-0

[Event "ch-ROU 2013"]
[Site "Baile Olanesti ROU"]
[Date "2013.02.21"]
[Round "8.35"]
[White "Tiron,C"]
[Black "Miulescu,G"]
[Result "0-1"]
[WhiteElo "1906"]
[BlackElo "2161"]

1.e4 c5 2.Nc3 Nc6 3.Bb5 Nd4 4.Bc4 d6 5.Nge2 a6 6.Nxd4 cxd4 7.Ne2 Nf6 8.d3 b5
9.Bb3 Qb6 10.O-O e6 11.f4 Be7 12.Qe1 Nxe4 13.dxe4 d3+ 14.Kh1 dxe2 15.Qxe2 O-O
16.f5 exf5 17.Be3 Qc7 18.Bd4 f4 19.Rxf4 Be6 20.Bd5 Rac8 21.c3 Bg5 22.Rf2 Qe7
23.Qf3 Bh4 24.g3 Bg5 25.h4 Bh6 26.Qh5 Qd7 27.Raf1 Bxd5 28.exd5 Qh3+ 29.Kg1 Qxg3+
30.Rg2 Be3+ 31.Bxe3 Qxe3+ 32.Kh1 g6 33.Qg5 Qh3+ 34.Kg1 Rc4 35.h5 Rh4 36.Qg3 Qxg3
37.Rxg3 Rxh5 38.Rd3 Rg5+ 39.Kh2 Kg7 40.Re1 Kf6 41.Rd4 Re5 42.Rf1+ Ke7 43.Rf2 f5
44.Rh4 Rf7 45.Rd4 g5 46.Rg2 h6 47.Rd3 f4 48.Rf2 g4 49.Kg2 Re4 50.Rc2 Kf6
51.Kf2 h5 52.Kg2 h4 53.b3 f3+ 54.Kg1 Re1+ 55.Kf2  0-1

[Event "Reykjavik Open 2013"]
[Site "Reykjavik ISL"]
[Date "2013.02.21"]
[Round "4.89"]
[White "Birgisson,Ingvar Orn"]
[Black "Jonsson,Gauti Pall"]
[Result "1-0"]
[WhiteElo "1953"]
[BlackElo "1519"]

1.e4 c5 2.Nc3 Nc6 3.Bb5 a6 4.Bxc6 bxc6 5.d3 d6 6.f4 Nf6 7.Nf3 Bg4 8.h3 Bxf3
9.Qxf3 Qc7 10.O-O e6 11.e5 Nd5 12.Ne4 f5 13.Nxd6+ Bxd6 14.exd6 Qxd6 15.Qh5+ g6
16.Qe2 Kf7 17.b3 Nb6 18.g3 Nd7 19.Bb2 Rhe8 20.Rae1 Re7 21.Be5 Nxe5 22.Qxe5 Qd4+
23.Qxd4 cxd4 24.Re5 Rb8 25.a4 Rd7 26.Rfe1 Rd6 27.Kf2 h6 28.g4 fxg4 29.hxg4 Re8
30.Rh1 Kg7 31.Ra5 Ra8 32.Re1 Kf7 33.Rc5 Rc8 34.Kf3 Rd5 35.Re5 Ke7 36.Rcxd5 cxd5
37.Re2 a5 38.f5 gxf5 39.gxf5 Rc6 40.Kf4 Kd7 41.f6 e5+ 42.Kf5 e4 43.dxe4 dxe4
44.Rxe4 Rc5+ 45.Kg6 Rxc2 46.Rxd4+ Ke6 47.Re4+ Kd5 48.Re3 Rf2 49.f7 h5 50.Re8 Kc5
51.f8=Q+ Rxf8 52.Rxf8 h4 53.Rf3 Kb4 54.Kf5  1-0

[Event "24th Metropolitan GM"]
[Site "Los Angeles USA"]
[Date "2013.02.22"]
[Round "4"]
[White "Matikozian,A"]
[Black "Georgiev,Vl"]
[Result "1-0"]
[WhiteElo "2429"]
[BlackElo "2562"]

1.Nf3 c5 2.e4 Nc6 3.Nc3 g6 4.Bc4 Bg7 5.O-O d6 6.Re1 Nf6 7.d4 cxd4 8.Nxd4 O-O
9.Bg5 Bd7 10.Bb3 Na5 11.Qd2 Rc8 12.Rad1 Nxb3 13.axb3 Re8 14.b4 a6 15.Nb3 Bc6
16.Na5 Nd7 17.Nd5 Nb6 18.c3 Bxd5 19.exd5 Nc4 20.Nxc4 Rxc4 21.Re2 Bf6 22.Rde1 Bxg5
23.Qxg5 Rc7 24.Qh6 Rf8 25.Re3 f6 26.Re6 Rf7 27.Qe3 Qd7 28.h4 Qb5 29.Qf3 Qc4
30.h5 Kf8 31.h6 Rd7 32.Rd1 Qh4 33.Qe3 g5 34.Qa7 Kg8 35.Qb6 Qxh6 36.b5 axb5
37.Qxb5 Rd8 38.Qxb7 Qf8 39.b4 Rb8 40.Qa7 Qd8 41.Rde1 Ra8 42.Qe3 Kf8 43.b5 Rb8
44.c4 Rb7 45.Ra1 Qc8 46.Ra4 Kg7 47.b6 Qb8 48.c5 dxc5 49.Qxc5 h5 50.Ra7 h4
51.Rxb7 Qxb7 52.Qc6 Qa6 53.b7 Qa1+ 54.Kh2 Qa7 55.Qc7 Qxf2 56.b8=Q h3 57.Qg3  1-0

[Event "ch-ROU 2013"]
[Site "Baile Olanesti ROU"]
[Date "2013.02.23"]
[Round "10.41"]
[White "Tiron,C"]
[Black "Marchidan,Costica"]
[Result "1-0"]
[WhiteElo "1906"]
[BlackElo "1757"]

1.e4 c5 2.Nc3 Nc6 3.Bb5 Nd4 4.Bc4 e6 5.Nge2 Nxe2 6.Qxe2 a6 7.a4 g6 8.f4 Qh4+
9.g3 Qe7 10.e5 d5 11.exd6 Qxd6 12.Ne4 Qc6 13.O-O Bg7 14.Bb5 axb5 15.axb5 Qxe4
16.Qxe4 Rxa1 17.c3 Ne7 18.Qc4 b6 19.b4 cxb4 20.Qxb4 Nd5 21.Qd6 Ra5 22.Re1 Nxc3
23.dxc3 Bxc3 24.Rd1 Bd7 25.Ba3 Rxa3 26.Qxd7+  1-0

[Event "TCh-CAT Div Hon 2013"]
[Site "Catalonia ESP"]
[Date "2013.02.23"]
[Round "6.4"]
[White "Sanchez Ibern,M"]
[Black "Libiszewski,F"]
[Result "1/2-1/2"]
[WhiteElo "2356"]
[BlackElo "2495"]

1.e4 c5 2.Nc3 Nc6 3.Nge2 g6 4.d4 cxd4 5.Nxd4 Bg7 6.Nde2 Nf6 7.g3 b5 8.Bg2 Rb8
9.O-O d6 10.Nd5 Nd7 11.c3 O-O 12.a4 b4 13.Nd4 Nxd4 14.cxd4 e6 15.Nf4 Ba6
16.Re1 Qc7 17.Be3 Rfc8 18.Rc1 Qa5 19.b3 Rc3 20.Bd2 Rxc1 21.Bxc1 Rc8 22.Bb2 Qc7
23.Bf1 Bb7 24.Bc4 Kh8 25.Qd2 a5 26.f3 Qb6 27.Kg2 Nf6 28.h4 Ba6 29.Bxa6 Qxa6
30.Rc1  1/2-1/2

[Event "TCh-CAT Div Hon 2013"]
[Site "Catalonia ESP"]
[Date "2013.02.23"]
[Round "6.9"]
[White "Rivas Garcia,V"]
[Black "Gutierrez Clares,J"]
[Result "1-0"]
[WhiteElo "2224"]
[BlackElo "2255"]

1.e4 c5 2.Nc3 Nc6 3.Bb5 Na5 4.Nf3 a6 5.Be2 b5 6.d4 cxd4 7.Nxd4 Bb7 8.a3 e6
9.O-O d6 10.f4 Qc7 11.Bf3 Be7 12.Kh1 Nf6 13.e5 dxe5 14.fxe5 Nd7 15.Bf4 Rd8
16.Bxb7 Qxb7 17.Qg4 g6 18.Rae1 h5 19.Qe2 g5 20.Bc1 Nc4 21.Nf3 g4 22.Ng5 Ncxe5
23.Nxf7 Nxf7 24.Rxf7 Nf8 25.Ref1 Qc6 26.Qe5 Ng6 27.Rxe7+ Kxe7 28.Qg7+ Kd6
29.Rd1+ Kc5 30.Be3+  1-0

[Event "ch-Central Serbia 2013"]
[Site "Pozarevac SRB"]
[Date "2013.02.24"]
[Round "9.6"]
[White "Bura,G"]
[Black "Cabrilo,G"]
[Result "1/2-1/2"]
[WhiteElo "2209"]
[BlackElo "2437"]

1.e4 c5 2.Nc3 Nc6 3.Bb5 Nd4 4.Bc4 e6 5.Nf3 Nc6 6.O-O a6 7.a4 d6 8.d3 Be7
9.Bb3 Nf6 10.h3 O-O 11.Bg5 b6 12.Re1 Bb7 13.Ne2 Qc7 14.Ng3 h6 15.Bd2 Rfe8
16.c3 Bf8 17.Bc2 e5 18.Nf5 Rad8 19.Nh2 Bc8 20.Qf3 Nh7 21.Ng4 Be6 22.Qg3 Kh8
23.Nfe3  1/2-1/2